| 000 | 01322cam a2200373 a 4500 | ||
|---|---|---|---|
| 001 | 13372074 | ||
| 003 | ARRUPE | ||
| 005 | 20131023105218.0 | ||
| 008 | 031014s1995 enk b 001 0 eng d | ||
| 010 | _a 2004351173 | ||
| 015 | _aGB95-32393 | ||
| 020 | _a0281048126 | ||
| 035 | _a(OCoLC)ocm32327273 | ||
| 040 |
_aIDK _cIDK _dUKM _dDLC |
||
| 042 | _alccopycat | ||
| 050 | 0 | 0 |
_aBL261 _b.B68 1995 |
| 100 | 1 |
_aBowker, John Westerdale. _92716 |
|
| 245 | 1 | 0 |
_aIs God a virus? : _bgenes, culture, and religion / _cJohn Bowker. |
| 260 |
_aLondon : _bSPCK, _c1995. |
||
| 300 |
_axi, 274 p. ; _c22 cm. |
||
| 490 | 1 |
_aThe Gresham lectures ; _v1992-3 |
|
| 500 | _aIncludes index. | ||
| 504 | _aBibliography: p. 265-269. | ||
| 505 | 2 | _aPt. 1. Is God a virus? -- pt. 2. Why are religions so dangerous? -- pt. 3. The nature of women and the authority of men. | |
| 650 | 0 |
_aReligion and science. _92717 |
|
| 650 | 0 |
_aSociobiology _xReligious aspects. _92718 |
|
| 650 | 0 |
_aReligion. _92719 |
|
| 650 | 0 |
_aApologetics. _92720 |
|
| 650 | 0 |
_aSex role _xReligious aspects _xChristianity. _92721 |
|
| 830 | 0 |
_aGresham lectures ; _v1992 & 1993. _92722 |
|
| 906 |
_a7 _bcbc _ccopycat _d2 _encip _f20 _gy-gencatlg |
||
| 942 |
_2lcc _cMONOGRAPH |
||
| 999 |
_c118394 _d118394 |
||